| 000 | 00459nam a2200169Ia 4500 | ||
|---|---|---|---|
| 003 | GCL | ||
| 008 | 140319s9999 xx 000 0 ara d | ||
| 040 |
_aGCL / _cGCL |
||
| 082 | 0 | 4 |
_a813.03 _bع هـ |
| 100 | 1 | _aعمر كامل نجم | |
| 245 | 1 | 0 |
_aهم والاخرون / _cعمر كامل نجم |
| 300 | _a91 ص | ||
| 490 | _a | ||
| 650 | 0 | 4 | _aالقصص العربية |
| 650 | 0 | 4 | _aالادب العربى - العصر الحديث |
| 942 |
_2ddc _cBK |
||
| 999 |
_c39683 _d39683 |
||